Statistics for Oslo Metro Stations

Click here to take the quiz!

General Stats

  • This quiz has been taken 178 times
    (106 since last reset)
  • The average score is 46 of 101

Answer Stats

LineAnswer% Correct
CommenStortinget
88%
KolsåsKolsås
87%
RøaHolmen
85%
CommonMajorstuen
85%
GrorudGrorud
83%
CommonJernbanetorget
83%
SognsvannSognsvann
83%
RøaRøa
81%
CommonTøyen
81%
CommonGrønland
77%
FurusetFuruset
73%
HolmenkollHolmenkollen
73%
LambertseterLambertseter
72%
RingStoro
72%
RingNydalen
68%
SognsvannBerg
65%
RingBlindern
65%
Ring/GrorudCarl Berners Plass
65%
RingForskningsparken
65%
LørenLøren
65%
RingSinsen
65%
RingUllevål Stadion
65%
CommonNationaltheatret
61%
GrorudStovner
60%
HasleHasle
59%
HolmenkollFrognerseteren
57%
ØstensjøMortensrud
57%
GrorudVestli
57%
LambertseterBergkrystallen
56%
Common EastHelsfyr
56%
SognsvannKringsjå
53%
Common EastEnsjø
52%
FurusetEllingsrudåsen
49%
GrorudAmmerud
47%
RøaØsterås
47%
HolmenkollRis
45%
LambertseterRyen
45%
SognsvannTåsen
45%
Røa/KolsåsBorgen
44%
HolmenkollFrøen
44%
GrorudLinderud
44%
LambertseterManglerud
44%
GrorudRomsås
44%
Røa/KolsåsSmestad
44%
Common EastBrynseng
43%
KolsåsMontebello
43%
FurusetTveita
43%
ØstensjøBøler
41%
KolsåsHauger
41%
HolmenkollVoksenkollen
41%
Furuset/ØstensjøHellerud
40%
RøaMakrellbekken
40%
KolsåsBekkestua
39%
KolsåsJar
39%
ØstensjøOppsal
39%
GrorudRommen
39%
ØstensjøSkullerud
39%
HolmenkollGaustad
37%
HolmenkollMidtstuen
37%
GrorudVeitvet
37%
GrorudØkern
36%
HolmenkollSlemdal
36%
GrorudRisløkka
35%
HolmenkollSkogen
35%
FurusetHaugerud
33%
GrorudRødtvet
33%
HolmenkollVinderen
33%
LambertseterBrattlikollen
32%
GrorudKalbakken
32%
FurusetLindeberg
32%
ØstensjøSkoyenåsen
32%
FurusetTrosterud
32%
HolmenkollVettakollen
32%
KolsåsAvløs
31%
RøaEiksmarka
31%
HolmenkollGråkammen
31%
KolsåsRingstabekk
31%
ØstensjøBogerud
29%
RøaHovseter
29%
LambertseterHøyenhall
29%
LambertseterKarlsrud
29%
KolsåsÅsjordet
28%
HolmenkollBesserud
28%
KolsåsBjørnsletta
28%
LambertseterMunkelia
28%
HolmenkollLillevann
27%
KolsåsUllernåsen
27%
GrorudVollebekk
27%
HolmenkollGulleråsen
25%
SognsvannØsthorn
25%
HolmenkollSteinerud
25%
ØstensjøUlsrud
25%
RøaEkraveien
24%
KolsåsGjønnes
24%
ØstensjøGodlia
24%
SognsvannHolstein
24%
HolmenkollVoksenlia
24%
RøaLijordet
23%
KolsåsHaslum
21%
HolmenkollSkådalen
17%
KolsåsGjettum
16%

Score Distribution

Percentile by Number Answered

Percent of People with Each Score

Your Score History

You have not taken this quiz since the last reset